Name That Anime Quiz Stats

 Plays Quiz Updated Dec 30, 2013

Support Sporcle.
Go Orange.
Score 0/40 Timer 12:00
26 Plays Today
Characters Anime % Correct
Light Yagami, Misa Amane, 'L'Death Note
91.8%
Edward Elric, Roy Mustang, Winry RockbellFullmetal Alchemist
88%
Sasuke Uchiha, Hinata Hyuuga, Sakura HarunoNaruto
82.6%
Goku, Bulma, TrunksDragonball Z
81.3%
Rukia Kuchiki, Ichigo Kurosaki, Uryuu IshidaBleach
76.3%
Lelouch Lamperouge, Suzaku Kururugi, C.C.Code Geass
57.7%
Spike Speigal, Faye Valentine, Jet BlackCowboy Bebop
57.5%
Shinji Ikari, Rei Ayanami, Asuka Langley SoryuNeon Genesis Evangelion
46%
Alucard, Seras Victoria, IntegralHellsing
40.3%
Griffith, Caska, GutsBerserk
39.6%
Nicholas Wolfwood, Meryl Stryfe, Vash the StampedeTrigun
38.1%
Kagome Higurashi, Miroku, SangoInuyasha
30.6%
Yuki Sohma, Kyo Sohma, Tohru HondaFruits Basket
29.5%
Chihiro, Haku, YubabaSpirited Away
28.4%
Usagi Tsukino, Mamoru Chiba, 'Chibi-Usa' Sailor Moon
28.1%
Haruhi Fujioka, Tamaki Suou, Mitsukuni HaninozukaOuran High School Host Club
28.1%
Lucy, Kouta, NanaElfen Lied
25.4%
Mikuru Asahina, Yuki Nagato, 'Kyon'The Melancholy of Haruhi Suzumiya
25.3%
Tomoya Okazaki, Nagisa Furukawa, Tomoyo SakagamiClannad
24.7%
Konata Izumi, Kagami Hiiragi, Tsukasa HiiragiLucky Star
22.7%
Characters Anime % Correct
Kamina, Simon, NiaGurren Lagann
22.6%
Mugen, Jin, FuuSamurai Champloo
22.2%
Yui Hirasawa, Ritsu Tainaka, Mio AkiyamaK-ON!
21.9%
Yuusuke Urameshi, Kazuma Kuwabara, HieiYu Yu Hakusho
20.2%
Sousuke Sagara, 'Tessa' Testarossa, Kaname ChidoriFull Metal Panic
17.4%
Keiichi Maebara, Mion Sonozaki, Rika FurudeHigurashi no Naku Koro Ni
15.9%
Hideki Motosuwa, Takako Shimizu, ChiiChobits
12.7%
Tomo Takino, Yomi Mizuhara, 'Osaka'Azumanga Daioh
11.7%
Ichigo Momomiya, Mint Aizawa, Lettuce MidorikawaTokyo Mew Mew
11.1%
Holland, Talho, Renton ThurstonEureka Seven
10.8%
Naru Narusegawa, Keitarou Urashima, Kaolla SuLove Hina
9.7%
Hajime Saitou, Kaoru Kamiya, Megumi TakaniRurouni Kenshin
9.2%
Naota Nandaba, Mamimi Samejima, Haruko HaruharaFLCL
8.9%
Ai Enma, Ren Ichimoku, Hone-OnnaHell Girl
8.8%
Battler Ushiromiya, Maria Ushiromiya, BeatriceUmineko no Naku Koro Ni
7.9%
Lina Inverse, Gourry Gabriev, AmeliaThe Slayers
7.6%
Tenma Tsukamoto, Kenji Harima, Eri SawachikaSchool Rumble
7.5%
Yuji Sakai, Alastor, Kazumi YoshidaShakugan no Shana
6.2%
Yomiko Readman, Nancy Makuhari, Joseph 'Joker' CarpenterRead or Die
5.4%
Hyatt, Ilpalazzo, MenchiExcel Saga
5.1%

From the Vault

52 Weeks of Sequels

by MRL

Movies 13m
The old Hollywood mantra: If it made a lot of money, let's make ten more.
Remove Ads.
Support Sporcle.
Get the best of Sporcle when you Go Orange. This ad-free experience offers more features, more stats, and more fun while also helping to support Sporcle. Thank you for becoming a member.

Show Comments

Extras

Top Quizzes Today


Score Distribution

Your Account Isn't Verified!

In order to create a playlist on Sporcle, you need to verify the email address you used during registration. Go to your Sporcle Settings to finish the process.

Report this User

Report this user for behavior that violates our Community Guidelines.

Details: